SUSTAINABLE CONSTRUCTION (Record no. 33283)

MARC details
000 -LEADER
fixed length control field 00345nam a22001577a 4500
003 - CONTROL NUMBER IDENTIFIER
control field SGT
020 ## - INTERNATIONAL STANDARD BOOK NUMBER
International Standard Book Number 9781119706458
082 ## - DEWEY DECIMAL CLASSIFICATION NUMBER
Classification number 720.47,KIB
100 ## - MAIN ENTRY--PERSONAL NAME
Personal name KIBERT CHARLES J.
245 ## - TITLE STATEMENT
Title SUSTAINABLE CONSTRUCTION
250 ## - EDITION STATEMENT
Edition statement 5TH
260 ## - PUBLICATION, DISTRIBUTION, ETC. (IMPRINT)
Place of publication, distribution, etc CANADA
Name of publisher, distributor, etc JOHAN WILEY
Year of Publication 2022
300 ## - PAGE DESCRIPTION
No. of Pages 634
650 ## - SUBJECT ADDED ENTRY--TOPICAL TERM
Topical term or geographic name as entry element civil engineering
942 ## - ADDED ENTRY ELEMENTS (KOHA)
Source of classification or shelving scheme Dewey Decimal Classification
Koha item type Books
Holdings
Withdrawn status Lost status Source of classification or shelving scheme Damaged status Not for loan Collection code Home library Current library Shelving location Date acquired Vendor Name Cost, normal purchase price SGTU Bill Number Full call number Accession No. (Barcode) Date last seen Bill Date Koha item type
    Dewey Decimal Classification   Not For Loan ENGINEERING SGT Engineering Library SGT Engineering Library Reference Book 09/01/2026 BRIJWASI BOOK DISTRIBUTORS 7178.00 SGTU IN-BW/000347 720.47,KIB FE9393 09/01/2026 12/12/2025 Books